| 000 | 00669nam a2200205 u 4500 | ||
|---|---|---|---|
| 005 | 20240910063925.0 | ||
| 008 | 090205s2001 es r 000 0 spa d | ||
| 020 | _a8493200409 | ||
| 035 | _aUPN01000168870 | ||
| 049 | _aI | ||
| 050 | 4 |
_aPZ33 _bG7.7 |
|
| 100 | 1 |
_aGrimm, Jakob, _d1785-1863 _932344 |
|
| 245 | 1 | 3 |
_aEl señor Korbes y otros cuentos de Grimm / _cJacob Grimm ; selec. Herrín Hidalgo ; il. Oliveiro Dumas ; tr. Pedro Gálvez. |
| 260 |
_aValencia, Esp. : _bMedia Vaca, _c2001. |
||
| 300 |
_a155 p. : _bil. col. |
||
| 440 | 0 | _aLibros para niños | |
| 650 | 4 |
_aCuentos infantiles alemanes _98589 |
|
| 700 | 1 |
_aHidalgo, Herrín, _ecomp. |
|
| 905 | _aInfantil | ||
| 999 |
_c140976 _d140976 |
||